| 000 | 00481nam a22001337a 4500 | ||
|---|---|---|---|
| 082 |
_a620.0091415 _bINS _cL-38, P-75 |
||
| 100 |
_aThe Institute of Civil Engineering Ireland _940563 |
||
| 245 |
_aTransactions of the institution of civil engineers of Ireland _cThe Institute of Civil Engineering Ireland |
||
| 260 |
_aDublin. _bFalconer 2 Crow Street, Dublin _c1958 |
||
| 300 |
_a233.p: _bVol:84 |
||
| 526 |
_a0 _b0 _c0 _d620_009141500000000_INS |
||
| 650 |
_aMCE _9379 |
||
| 942 |
_2ddc _cBK |
||
| 999 |
_c544823 _d544823 |
||